00301nam a2200121Ia 4500008004100000100002500041245004300066260002800109300000800137650001000145942000700155999001700162190216s9999||||xx |||||||||||||| ||und|| aDr.Amith Simh Cambeg 0aHindi-Computer Kibj Thadha Shabdh Kosh bPreethi Prakashanc2005 a198 aHindi cBK c16873d16873